[Event "AUTO-OPEN-621"]
[Site "http://www.queenalice.com/game.php?id=195996"]
[Date "2007.4.12"]
[Round "1"]
[White "espiritosanto"]
[Black "augustolenzuen"]
[Result "1-0"]
[WhiteElo "1737"]
[BlackElo "1263"]

1. e4 e5 2. Nf3 Nc6 3. Bb5 a6 4. Ba4 Nf6 5. O-O b5 6. Bb3 Nxe4 7. Re1 f5 8. d3
Nc5 9. Bg5 Be7 10. Nxe5 Bxg5 11. Nxc6+ Qe7 12. Nxe7 Bxe7 13. Qh5+ g6 14. Qh6 Ne6
15. d4 Nxd4 16. Qg7 Rf8 17. Qxe7# 1-0

[Event "AUTO-OPEN-623"]
[Site "http://www.queenalice.com/game.php?id=196614"]
[Date "2007.4.14"]
[Round "1"]
[White "Dollar"]
[Black "espiritosanto"]
[Result "1-0"]
[WhiteElo "1740"]
[BlackElo "1579"]

1. c4 e5 2. Nc3 Nf6 3. g3 Nc6 4. Bg2 Bb4 5. Ne4 O-O 6. a3 Be7 7. d3 d6 8. Nxf6+
Bxf6 9. Be4 Be6 10. Nf3 d5 11. cxd5 Bxd5 12. Bxd5 Qxd5 13. O-O Rad8 14. Bg5 Bxg5
15. Nxg5 Nd4 16. Ne4 a5 17. Rc1 f5 18. Nc3 Qb3 19. Qd2 e4 20. Nb1 exd3 21. Qxd3
Qxd3 22. exd3 1-0

[Event "AUTO-OPEN-623"]
[Site "http://www.queenalice.com/game.php?id=196615"]
[Date "2007.4.14"]
[Round "1"]
[White "espiritosanto"]
[Black "Dollar"]
[Result "1-0"]
[WhiteElo "1658"]
[BlackElo "1630"]

1. e4 e5 2. Nf3 Nc6 3. Bb5 Nf6 4. O-O Bd6 5. d3 h6 6. Nc3 O-O 7. Be3 a6 8. Bxc6
bxc6 9. d4 Bb4 10. dxe5 Bxc3 11. exf6 Bxf6 12. e5 Be7 13. Nd4 Bb7 14. Qg4 Bg5
15. f4 c5 16. Nf5 g6 17. fxg5 gxf5 18. Rxf5 Re8 19. gxh6+ Kf8 20. Qg7+ 1-0

[Event "AUTO-OPEN-623"]
[Site "http://www.queenalice.com/game.php?id=196644"]
[Date "2007.4.14"]
[Round "1"]
[White "augustolenzuen"]
[Black "espiritosanto"]
[Result "1-0"]
[WhiteElo "1435"]
[BlackElo "1697"]

1. g3 e5 2. Bg2 d5 3. Nc3 d4 4. Ne4 f5 5. Nc3 dxc3 6. bxc3 Nf6 7. d4 exd4 8.
cxd4 Bb4+ 9. Bd2 Qxd4 10. Nf3 Bxd2+ 11. Nxd2 Nc6 12. O-O O-O 13. e3 Qc3 14. Nf3
Rd8 15. Qe2 Be6 16. Rfd1 Bc4 17. Qe1 1-0

[Event "AUTO-OPEN-623"]
[Site "http://www.queenalice.com/game.php?id=196645"]
[Date "2007.4.14"]
[Round "1"]
[White "espiritosanto"]
[Black "augustolenzuen"]
[Result "0-1"]
[WhiteElo "1416"]
[BlackElo "1522"]

1. e4 e5 2. Nf3 Nc6 3. Bb5 a6 4. Ba4 Nf6 5. O-O b5 6. Bb3 Nxe4 7. Re1 f5 8. d3
Nc5 9. Bg5 Be7 10. Nxe5 Bxg5 11. Nxc6+ Qe7 12. Nxe7 Bxe7 13. Qh5+ g6 14. Rxe7+
Kxe7 15. Qh4+ Kd6 16. Qd4+ Kc6 17. Qxh8 Bb7 18. Qf6+ d6 19. Qf7 Bc8 20. Nc3 Nxb3
0-1

[Event "AUTO-OPEN-624"]
[Site "http://www.queenalice.com/game.php?id=197181"]
[Date "2007.4.15"]
[Round "1"]
[White "espiritosanto"]
[Black "blauwmeisje"]
[Result "1-0"]
[WhiteElo "1500"]
[BlackElo "1197"]

1. e4 e5 2. Nf3 c5 3. Nxe5 Bd6 4. Nf3 Nf6 5. e5 Ne4 6. exd6 Nc6 7. Nc3 Nxc3 8.
dxc3 b5 9. Qe2+ Kf8 10. Qxb5 Nb8 11. Qxc5 Qf6 12. Qxc8+ Qd8 13. Qxd8# 1-0

[Event "AUTO-OPEN-624"]
[Site "http://www.queenalice.com/game.php?id=197182"]
[Date "2007.4.15"]
[Round "1"]
[White "blauwmeisje"]
[Black "espiritosanto"]
[Result "0-1"]
[WhiteElo "1189"]
[BlackElo "1737"]

1. f4 Nf6 2. Nf3 d5 3. Nc3 d4 4. Nb5 c5 5. d3 Qa5+ 6. Kf2 Qxb5 7. Qd2 Ng4+ 8.
Kg3 Ne3 9. h4 Bf5 10. c4 Qb6 11. b3 Qg6+ 12. Kf2 Nc6 13. g3 e5 14. Ba3 exf4 15.
gxf4 Bd6 16. b4 Bxf4 17. h5 Qg3# 0-1

[Event "AUTO-OPEN-624"]
[Site "http://www.queenalice.com/game.php?id=197183"]
[Date "2007.4.15"]
[Round "1"]
[White "espiritosanto"]
[Black "RIVAS"]
[Result "0-1"]
[WhiteElo "1402"]
[BlackElo "1910"]

1. e4 e6 2. d4 d5 3. Nc3 Nf6 4. Bg5 Be7 5. Bxf6 Bxf6 6. Nf3 dxe4 7. Nxe4 O-O 8.
Bc4 Nc6 9. c3 e5 10. d5 Nb8 11. Qe2 Bg4 12. h3 Bxf3 13. Qxf3 Nd7 0-1

[Event "AUTO-OPEN-624"]
[Site "http://www.queenalice.com/game.php?id=197184"]
[Date "2007.4.15"]
[Round "1"]
[White "RIVAS"]
[Black "espiritosanto"]
[Result "1-0"]
[WhiteElo "1908"]
[BlackElo "1404"]

1. e4 e5 2. f4 exf4 3. Nf3 d5 4. exd5 Qxd5 5. Nc3 Qa5 6. Bc4 Nc6 7. O-O Qc5+ 8.
Kh1 Qxc4 9. d3 Qa6 10. Bxf4 Qa5 11. Qe2+ Be6 12. Ng5 Nd4 13. Qd1 1-0

[Event "AUTO-OPEN-624"]
[Site "http://www.queenalice.com/game.php?id=197185"]
[Date "2007.4.15"]
[Round "1"]
[White "espiritosanto"]
[Black "augustolenzuen"]
[Result "0-1"]
[WhiteElo "1429"]
[BlackElo "1509"]

1. e4 d5 2. exd5 Qxd5 3. Nc3 Qd8 4. d4 Nf6 5. Nf3 e6 6. Bd3 c5 7. dxc5 Bxc5 8.
O-O Nc6 9. Qe2 O-O 10. Rd1 Qb6 11. Na4 Qa5 12. Nxc5 Qxc5 13. a3 Rd8 14. Bg5 Nd4
15. Nxd4 Rxd4 16. Bxf6 gxf6 0-1

[Event "AUTO-OPEN-624"]
[Site "http://www.queenalice.com/game.php?id=197186"]
[Date "2007.4.15"]
[Round "1"]
[White "augustolenzuen"]
[Black "espiritosanto"]
[Result "1-0"]
[WhiteElo "1495"]
[BlackElo "1443"]

1. d4 Nf6 2. Nf3 d5 3. Nc3 Bf5 4. e3 e6 5. Bb5+ c6 6. Bd3 Bxd3 7. Qxd3 Bb4 8.
Bd2 Nbd7 9. a3 Bd6 10. e4 dxe4 11. Nxe4 Nxe4 12. Qxe4 Nf6 13. Qe3 Qb6 14. O-O
O-O 15. c4 1-0

[Event "AUTO-INT-417"]
[Site "http://www.queenalice.com/game.php?id=197280"]
[Date "2007.4.15"]
[Round "1"]
[White "holandes"]
[Black "espiritosanto"]
[Result "0-1"]
[WhiteElo "1643"]
[BlackElo "1519"]

1. e4 d5 2. e5 e6 3. d4 c5 4. c3 Nc6 5. Nf3 Nge7 6. Bg5 h6 7. Bxe7 Bxe7 8. Nbd2
cxd4 9. cxd4 Qb6 10. Nb3 Bb4+ 11. Ke2 Bd7 12. a4 O-O 13. Ke3 f6 14. Ke2 fxe5 15.
dxe5 Nxe5 16. Nbd4 Qa6+ 17. Ke3 Ng4# 0-1

[Event "AUTO-INT-417"]
[Site "http://www.queenalice.com/game.php?id=197281"]
[Date "2007.4.15"]
[Round "1"]
[White "espiritosanto"]
[Black "holandes"]
[Result "0-1"]
[WhiteElo "1616"]
[BlackElo "1569"]

1. e4 e5 2. Nf3 Nc6 3. Bb5 f6 4. d4 Bd6 5. Bxc6 bxc6 6. dxe5 fxe5 7. Nxe5 Bxe5
8. Qh5+ Kf8 9. Qxe5 h6 10. O-O d6 11. Qc3 c5 12. Nd2 Qg5 13. b4 Nf6 14. bxc5
dxc5 15. e5 Bb7 16. Nf3 Ne4 17. Qb3 Qg6 18. Qxb7 Qe8 19. Qxe4 Rd8 20. Ba3 Kg8
21. Bxc5 a5 22. Rfd1 Kf7 23. Nh4 Kg8 24. f4 h5 0-1

[Event "AUTO-INT-417"]
[Site "http://www.queenalice.com/game.php?id=197294"]
[Date "2007.4.15"]
[Round "1"]
[White "alexcamargo"]
[Black "espiritosanto"]
[Result "1-0"]
[WhiteElo "1528"]
[BlackElo "1651"]

1. d4 Nf6 2. c4 e6 3. Nc3 Bb4 4. Bd2 d5 5. c5 Nc6 6. a3 Bxc3 7. Bxc3 O-O 8. Nf3
Ne4 9. Rc1 b6 10. g3 bxc5 11. dxc5 Nxc3 12. Rxc3 Rb8 13. b4 a5 14. Rb3 axb4 15.
axb4 Nxb4 16. Bg2 Qe7 17. Qc1 Na2 18. Qa3 Rxb3 19. Qxb3 1-0

[Event "AUTO-INT-417"]
[Site "http://www.queenalice.com/game.php?id=197295"]
[Date "2007.4.15"]
[Round "1"]
[White "espiritosanto"]
[Black "alexcamargo"]
[Result "1-0"]
[WhiteElo "1737"]
[BlackElo "1555"]

1. e4 e5 2. Nf3 Nc6 3. Bb5 a6 4. Ba4 Nf6 5. O-O Bc5 6. c3 O-O 7. d4 exd4 8. cxd4
Bb4 9. Bg5 h6 10. Bh4 b5 11. Bc2 Re8 12. e5 g5 13. Nxg5 hxg5 14. Bxg5 d6 15.
Bxf6 Qd7 16. Qh5 1-0

[Event "AUTO-INT-417"]
[Site "http://www.queenalice.com/game.php?id=197304"]
[Date "2007.4.15"]
[Round "1"]
[White "espiritosanto"]
[Black "Alcymist"]
[Result "0-1"]
[WhiteElo "1665"]
[BlackElo "2109"]

1. e4 c5 2. Nf3 Nc6 3. Bb5 g6 4. Nc3 Bg7 5. d3 Nf6 6. Be3 d6 7. O-O O-O 8. Qd2
Ng4 9. Bf4 Nd4 10. Nxd4 cxd4 11. Nd1 Be6 12. f3 Ne5 13. c4 a6 14. Ba4 Qb8 15.
Rc1 b5 16. Bxe5 dxe5 17. Bb3 Rc8 18. Nf2 a5 19. cxb5 Rxc1 20. Rxc1 Bxb3 21. axb3
Qxb5 22. Rc7 Qxb3 23. Rxe7 Bh6 24. Qd1 Qxb2 25. Rc7 a4 26. Ng4 Be3+ 0-1

[Event "AUTO-INT-417"]
[Site "http://www.queenalice.com/game.php?id=197305"]
[Date "2007.4.15"]
[Round "1"]
[White "Alcymist"]
[Black "espiritosanto"]
[Result "1-0"]
[WhiteElo "2110"]
[BlackElo "1665"]

1. e4 d5 2. exd5 Qxd5 3. Nc3 Qa5 4. d4 c6 5. Nf3 Bg4 6. Be2 Nf6 7. Ne5 Bxe2 8.
Qxe2 e6 9. O-O Nbd7 10. Bf4 Nxe5 11. dxe5 Nd5 12. Nxd5 cxd5 13. c4 Qa6 14. b3
O-O-O 15. Qh5 g6 16. Qh4 Ba3 17. Bg5 Rd7 18. cxd5 Rxd5 19. Bf6 Rf8 20. Rab1 h5
21. b4 Qe2 22. Be7 Re8 23. Bd6 Qc2 24. Qf6 Rd8 25. Qxf7 R5xd6 26. exd6 1-0